000 00766nam a2200205Ia 4500
001 10302
003 GE_BSU
008 181216s||||||||xx |||||||||||||| ||und||
040 _cGE_BSU
080 _a821.353.1-92+821.353.1-4
100 _aტაბიძე,ტიციან
245 _aწერილები,ნარკვევები
245 _cშემდგ.შალვა დემეტრაძე.რედ. გიორგი მარგველაშვილი.მხატვ.ი.ჯანაშვილი
260 _aთბილისი
260 _bსაბჭ.მწერალი
260 _c1957
300 _a339გვ.21სმ.
653 _aწერილები,ნარკვევები
942 _cBK
999 _c43569
_d43569